000 00840nam a22003017a 4500
001 0034187
003 KOHA_MİRAKIL
005 20260207002912.0
007 ta
008 111209b tu |||gr||||#||||0|tur |
040 _aTR-BiSEU
_btur
_cTR-BiSEU
_erda
041 0 _atur
044 _ctu
050 _aDS26
_b.R37 1942
100 1 _aRasonyi, Lazslo.
245 1 _aDünya tarihinde Türklük/
_cLazslo Rasonyi ; Laszlo Rasonyi.
264 1 _aAnkara :
_b[y.y.]
300 _a 303 s. ;
_c22 cm.
336 _ametin
_btxt
_2rdacontent
337 _aaracısız
_bn
_2rdamedia
338 _acilt
_bnc
_2rdacarrier
500 _aDizin var.
650 0 _aTurkic peoples.
_915976
650 0 _aTurkic peoples--History.
_912187
650 0 _aTürk halkları.
_943570
650 0 _aTürk halkları--Tarih.
_96926
942 _2lcc
_cBK
999 _c34141
_d34141